Largest Cities In Montana - Statistics

General Stats
  • This quiz has been taken 13 times
  • The average score is 6 of 15
Answer Stats
Rank Population City % Correct
3 58,990 Great Falls
92%
1 109,431 Billings
83%
4 45,121 Bozeman
83%
6 31,212 Helena
83%
5 34,814 Butte
75%
2 72,125 Missoula
75%
7 22,621 Kalispell
42%
10 8,576 Miles City
42%
8 9,762 Havre
25%
9 9,100 Anaconda
17%
11 8,345 Belgrade
8%
14 7,907 Evergreen
0%
13 8,067 Helena Valley Southeast
0%
12 8,277 Helena Valley West Central
0%
15 7,479 Lockwood
0%
No matching quizzes found
Score Distribution
Percent of People with Each Score
Percentile by Number Answered
Your Score History
You have not taken this quiz